| 000 | 00482nam a22001817a 4500 | ||
|---|---|---|---|
| 005 | 20260206131335.0 | ||
| 008 | 260206b |||||||| |||| 00| 0 eng d | ||
| 020 |
_a9781915508225 _c4995.00 |
||
| 040 | _aMAIN | ||
| 041 | _aEnglish | ||
| 082 |
_a338.1 _bMON |
||
| 100 |
_aMontgomery, Leonard _926220 |
||
| 245 | _aAgricultural Development And Economic Transformation | ||
| 260 |
_aUnited Kingdom _bBrilliance _c2023 |
||
| 300 | _a258 | ||
| 650 |
_aEconomics _979 |
||
| 942 | _cBK | ||
| 999 |
_c60267 _d60267 |
||